| 000 | 00937nam a22002775a 4500 | ||
|---|---|---|---|
| 005 | 20160320103542.0 | ||
| 008 | 160320s2008 ii a frb 001 0 eng d | ||
| 020 | _a8185790256 | ||
| 020 | _a9788185790251 | ||
| 040 |
_aEG-ScBUE _beng _cEG-ScBUE |
||
| 082 | 0 | 4 |
_a615.1 _bPAR _222 |
| 100 | 1 |
_aParadkar, A. R. _939585 |
|
| 245 | 1 | 2 |
_aA text book of hospital and clinical pharmacy / _cA. R. Paradkar, S. A. Chunnawala. |
| 246 | 3 | _aHospital and clinical pharmacy | |
| 250 | _a28th ed. | ||
| 260 |
_aShivajiNagar : _bNirali prakashan, _c2008. |
||
| 300 |
_a1 v. (various pagings) : _bill. ; _c24 cm. |
||
| 504 | _aIncludes bibliographical references and index. | ||
| 521 | _aFor second year diploma in pharmacy (As per E. R. 1991) | ||
| 650 | 7 |
_aClinical pharmacology. _2BUEsh _938454 |
|
| 650 | 0 |
_aHospital pharmacies _2BUEsh |
|
| 651 | _2BUEsh | ||
| 653 |
_bPPhrm _cMarch2016 |
||
| 700 | 1 |
_aChunnawala, S. A. _939586 |
|
| 942 | _2ddc | ||
| 999 |
_c21442 _d21414 |
||